Romania Anthem Lyrics - Statistics

General Stats
  • This quiz has been taken 9 times
  • The average score is 6 of 16
Answer Stats
Versuri % Correct
Deșteaptă-te, române, din somnul cel de moarte,
100%
În care te-adânciră barbarii de tirani!
100%
Acum ori niciodată, croiește-ți altă soartǎ,
88%
Acum ori niciodată să dăm dovezi la lume
75%
La care să se-nchine și cruzii tăi dușmani.
63%
Triumfător în lupte, un nume de Traian!
38%
Că-n aste mâni mai curge un sânge de roman,
25%
Priviți, mărețe umbre, Mihai, Ștefan, Corvine,
25%
Româna națiune, ai voștri strănepoți,
25%
Și că-n a noastre piepturi păstrăm cu fală-un nume
25%
Cu brațele armate, cu focul vostru-n vine,
13%
“Viațǎ-n libertate ori moarte!” strigă toți.
13%
Decât să fim sclavi iarăși în vechiul nost' pământ!
0%
Deviza-i libertate și scopul ei preasfânt.
0%
Murim mai bine-n luptă, cu glorie deplină,
0%
Preoți, cu crucea-n frunte căci oastea e creștină,
0%
No matching quizzes found
Score Distribution
Percent of People with Each Score
Percentile by Number Answered
Your Score History
You have not taken this quiz